Organisation et méthodes administratives, tome 1 (Record no. 33950)
[ view plain ]
| 000 -LEADER | |
|---|---|
| fixed length control field | 00720 a2200241 4500 |
| 020 ## - NUMERO INTERNATIONAL NORMALISE DES LIVRES | |
| International Standard Book Number | 2-216-00853-2 |
| 037 ## - SOURCE OF ACQUISITION | |
| Stock number | De 6731 |
| 100 ## - VEDETTE PRINCIPALE - NOM DE PERSONNE | |
| Language of a work | Fr |
| 9 (RLIN) | 20578 |
| 245 ## - TITLE STATEMENT | |
| Title | Organisation et méthodes administratives, tome 1 |
| 260 ## - PUBLICATION, DISTRIBUTION, ETC. (IMPRINT) | |
| Place of publication, distribution, etc | Paris |
| 260 ## - PUBLICATION, DISTRIBUTION, ETC. (IMPRINT) | |
| Name of publisher, distributor, etc | Ed. Foucher |
| 260 ## - PUBLICATION, DISTRIBUTION, ETC. (IMPRINT) | |
| Date of publication, distribution, etc | 1992 |
| 300 ## - PHYSICAL DESCRIPTION | |
| Extent | 304 p. |
| 300 ## - PHYSICAL DESCRIPTION | |
| Other physical details | 29 cm |
| 440 ## - SERIES STATEMENT/ADDED ENTRY--TITLE | |
| Title | BTS bureautique et secrétariat |
| 9 (RLIN) | 20579 |
| 630 ## - SUBJECT ADDED ENTRY--UNIFORM TITLE | |
| Uniform title | 65 - Gestion et organisation de lindustrie, du commerce, de la communication et des transports |
| 9 (RLIN) | 20580 |
| 650 ## - SUBJECT ADDED ENTRY--TOPICAL TERM | |
| Topical term or geographic name as entry element | 6 - SCIENCES APPLIQUEES |
| 9 (RLIN) | 20581 |
| 650 ## - SUBJECT ADDED ENTRY--TOPICAL TERM | |
| Topical term or geographic name as entry element | secrétariat : organisation : métier |
| 9 (RLIN) | 20582 |
| 700 ## - ADDED ENTRY--PERSONAL NAME | |
| Personal name | Condamines, Charles |
| 9 (RLIN) | 20583 |
| 700 ## - ADDED ENTRY--PERSONAL NAME | |
| Personal name | Texier, M. H. |
| 9 (RLIN) | 20584 |
| 942 ## - ADDED ENTRY ELEMENTS (KOHA) | |
| Koha item type | Livre |
| Withdrawn status | Lost status | Damaged status | Not for loan | Location (home branch) | Sublocation or collection (holding branch) | Date acquired | Koha issues (times borrowed) | Koha full call number | Koha date last seen | Price effective from | Koha item type |
|---|---|---|---|---|---|---|---|---|---|---|---|
| Bibliothèque Universitaire Centrale | Bibliothèque Universitaire Centrale | 28/02/2009 | 651 GRI | 28/02/2009 | 28/02/2009 | Livre |